Giáo trình lý thuyết độ đo và tích phân

Giáo trình giới thiệu các kiến thức cơ bản về tập hợp, độ đo và tích phân lebesgue

Đã lưu trong:
书目详细资料
主要作者: Nguyễn, Hữu Khánh
格式: 图书
语言:Undetermined
出版: Cần Thơ Nxb. Đại học Cần Thơ 2012
主题:
标签: 添加标签
没有标签, 成为第一个标记此记录!
Thư viện lưu trữ: Trung tâm Học liệu Trường Đại học Cần Thơ
LEADER 00898nam a2200229Ia 4500
001 CTU_173178
008 210402s9999 xx 000 0 und d
020 |c 19000 
082 |a 515.43 
082 |b Kh107 
100 |a Nguyễn, Hữu Khánh 
245 0 |a Giáo trình lý thuyết độ đo và tích phân 
245 0 |c Nguyễn Hữu Khánh 
260 |a Cần Thơ 
260 |b Nxb. Đại học Cần Thơ 
260 |c 2012 
520 |a Giáo trình giới thiệu các kiến thức cơ bản về tập hợp, độ đo và tích phân lebesgue 
526 |a Độ đo và tích phân LơBe,Lý thuyết độ đo và tích phân 
526 |b SP318,TNT602 
650 |a Mathematical analysis,Toán tích phân,Lebesgue integral 
904 |i Tuyến 
980 |a Trung tâm Học liệu Trường Đại học Cần Thơ